书目信息 |
| 题名: |
小城镇规划技术指标体系与建设方略
|
|
| 作者: | 汤铭潭 主编 | |
| 分册: | ||
| 出版信息: | 北京 中国建筑工业出版社 2006.05 |
|
| 页数: | 470页 | |
| 开本: | 26cm | |
| 丛书名: | ||
| 单 册: | ||
| 中图分类: | TU984 | |
| 科图分类: | ||
| 主题词: | 城镇--cheng zhen--城市规划--研究 | |
| 电子资源: | ||
| ISBN: | 7-112-07481-9 | |
| 000 | 00885nam0 2200217 450 | |
| 001 | 012006225856 | |
| 005 | 20191101075358.62 | |
| 010 | @a7-112-07481-9@b精装@dCNY82.00 | |
| 100 | @a20060610d2006 km y0chiy0120 ea | |
| 101 | 0 | @achi |
| 102 | @aCN@b110000 | |
| 105 | @aa z 000yy | |
| 200 | 1 | @a小城镇规划技术指标体系与建设方略@Axiao cheng zhen gui hua ji shu zhi biao ti xi yu jian she fang lue@f汤铭潭主编@Ftang ming tan zhu bian |
| 210 | @a北京@c中国建筑工业出版社@d2006.05 | |
| 215 | @a470页@c图@d26cm | |
| 330 | @a本书分绪论篇、上篇和下篇三部分:绪论篇为基础研究与综合研究篇;上篇为小城镇规划技术指标体系篇;下篇为小城镇建设方略篇。全书内容包括:基础综合研究,小城镇规划标准体系框架结构,标准规范组成。 | |
| 606 | 0 | @a城镇@Acheng zhen@x城市规划@x研究 |
| 690 | @aTU984@v4 | |
| 701 | 0 | @a汤铭潭@Atang ming tan@4主编 |
| 801 | 0 | @aCN@bQSSK@c20060630 |
| 905 | @a10447@dTU984@eT196 | |
| 小城镇规划技术指标体系与建设方略/汤铭潭主编.-北京:中国建筑工业出版社,2006.05 |
| 470页:图;26cm |
| ISBN 7-112-07481-9(精装):CNY82.00 |
| 本书分绪论篇、上篇和下篇三部分:绪论篇为基础研究与综合研究篇;上篇为小城镇规划技术指标体系篇;下篇为小城镇建设方略篇。全书内容包括:基础综合研究,小城镇规划标准体系框架结构,标准规范组成。 |
| ● |
| 相关链接 |
|
|
|
正题名:小城镇规划技术指标体系与建设方略
索取号:TU984/T196
 
预约/预借
| 序号 | 登录号 | 条形码 | 馆藏地/架位号 | 状态 | 备注 |
| 1 | 1449505 | 214495054 | 建筑与城市规划学院资料室/201建筑库 63排5列3层/ [索取号:TU984/T196] | 在馆 | |
| 2 | 1449506 | 214495063 | 建筑库201/201建筑库 63排5列3层/ [索取号:TU984/T196] | 在馆 | |
| 3 | 1449507 | 214495072 | 建筑库201/201建筑库 63排5列3层/ [索取号:TU984/T196] | 在馆 | |
| 4 | 1449508 | 214495081 | 建筑库201/201建筑库 61排1列2层/ [索取号:TU984/T196] | 在馆 | |
| 5 | 1449509 | 214495090 | 建筑库201/201建筑库 63排5列3层/ [索取号:TU984/T196] | 在馆 | |
| 6 | 1449510 | 214495107 | 建筑库201/201建筑库 61排1列2层/ [索取号:TU984/T196] | 在馆 | |
| 7 | 583358 | 205833589 | 建筑库201/201建筑库 61排1列2层/ [索取号:TU984/T196] | 在馆 | |
| 8 | 583359 | 205833598 | 建筑库201/201建筑库 63排5列3层/ [索取号:TU984/T196] | 在馆 | |
| 9 | 583360 | 205833605 | 建筑库201/201建筑库 63排5列3层/ [索取号:TU984/T196] | 在馆 |